Figura y fondo : (Registro nro. 2477)

Detalles MARC
000 -LEADER
longitud fija campo de control 00432Cam#a22001935a#4500
003 - IDENTIFICADOR DE NUMERO DE CONTROL
control del campo AR-RoUNA
008 - CAMPO DE CONTROL - LIBROS
longitud fija campo de control 140529||||||||||||||||| |||| 0|||| d
040 ## - ORIGEN DE LA CATALOGACION
Agencia que cataloga la obra original AR-RoUNA
Idioma en que se cataloga spa
041 ## - CODIGO DE IDIOMA
Codigo de idioma del texto / sonido o titulo separado spa
080 ## - CDU
Numero de clasificacion 7.017
092 ## - SIGNATURA TOPOGRAFICA
Libristica R896
100 1# - ASIENTO PRINCIPAL - NOMBRE PERSONAL
Nombre personal Rubin, Edgar
9 (RLIN) 17370
245 ## - TITULO PROPIAMENTE DICHO
Titulo Figura y fondo :
260 ## - EDITORIAL - PUBLICACION, DISTRIBUCION, ETC. (Pie de imprenta)
Lugar de publicacion, distribucion, etc Buenos Aires :
300 ## - DESCRIPCION FISICA
Extension 11 p. :
440 ## - DECLARACION DE SERIE / ASIENTO SECUNDARIO - TITULO
Titulo CUADERNOS DEL TALLER
Numero del volumen / designacion secuencial
9 (RLIN) 17371
930 ## - ACCESION
Numero de accesion (NR) 625
942 ## - FUENTE DE CLASIFICACION
Clasificacion
Existencias
Estado retiro Estado perdido Sistema de clasificacion Estado general Biblioteca de origen Ubicacion actual Fecha de adquisicion Prestamos totales Signatura y librística Proveedor Tipo de elemento KOHA
Disponible Disponible cdu No dañado Arq. Hilarión H. Larguia Arq. Hilarión H. Larguia 29/05/2014   7.017 R896 716 Libro